000 00302nam a2200109Ia 4500
008 201224s9999 xx 000 0 und d
100 _aRao, T. V.
245 0 _aHuman Resources Development : Experiences, Interventions, Strategies
260 _aNew Delhi
_bSage Publications
300 _a394
942 _cBK
999 _c8988
_d8988